IV Congreso Chileno de Ingeniería Eléctrica
Salvato in:
| Natura: | Libro |
|---|---|
| Lingua: | spagnolo |
| Pubblicazione: |
Santiago
Universidad de Santiago de Chile
1981
|
| Soggetti: | |
| Tags: |
Aggiungi Tag
Nessun Tag, puoi essere il primo ad aggiungerne!!
|
MARC
| LEADER | 00000nam a2200000 a 4500 | ||
|---|---|---|---|
| 001 | UCU9263 | ||
| 003 | CL-VaPUC | ||
| 005 | 20221008074152.0 | ||
| 008 | 960814e19810000cl 1 spa d | ||
| 082 | 0 | 4 | |a 621.3 |b CON |2 21 |
| 245 | 1 | 0 | |a IV Congreso Chileno de Ingeniería Eléctrica |
| 260 | |a Santiago |b Universidad de Santiago de Chile |c 1981 | ||
| 300 | |a v | ||
| 505 | 0 | 0 | |a v.1: Electrónica de potencia |
| 505 | 0 | 0 | |a v.2: Discursos y mesas redondas |
| 583 | |a last modification |c 19960814 00:00:00 |k Rodrigo Vera | ||
| 650 | 0 | 0 | |a Electricidad |9 260222 |
| 650 | 0 | 0 | |a Energía eléctrica |9 256678 |
| 650 | 0 | 0 | |a Medio ambiente físico |9 347938 |
| 650 | 0 | 0 | |a Electrónica |9 263192 |
| 942 | |c BK | ||
| 945 | |a cmena |d 19960814 00:00:00 | ||
| 546 | |a En Español | ||
| 518 | |p Congreso Chileno de Ingeniería Eléctrica, 4, Santiago, 10 al 21 de Agosto 1981 | ||
| 999 | |c 382721 |d 382719 | ||
| 952 | |0 0 |1 0 |4 0 |6 621_300000000000000_CON_1981 |7 0 |8 A |9 504567 |a BIBING |b BIBING |d 2020-01-23 |h v.2 |i 1724681 |o 621.3 CON 1981 |p 1724681 |r 2025-01-20 |w 2020-01-23 |y BK |k EIE | ||
| 952 | |0 0 |1 0 |4 0 |6 621_300000000000000_CON_1981 |7 0 |8 A |9 504568 |a BIBING |b BIBING |d 2020-01-23 |h v.1 |i 1745506 |o 621.3 CON 1981 |p 1745506 |r 2025-01-20 |w 2020-01-23 |y BK |k EIE | ||